Bands with "and the" in their name - Statistics

General Stats
  • This quiz has been taken 1,197 times
  • The average score is 10 of 20
Answer Stats
Hint Answer % Correct
Huey Lewis News
80%
Florence Machine
78%
Hootie Blowfish
74%
KC Sunshine Band
74%
Bob Marley Wailers
71%
Diana Ross Supremes
68%
Derek Dominos
64%
Bruce Springsteen E Street Band
64%
Adam Ants
58%
Gladys Knight Pips
58%
Siouxsie Banshees
56%
Frankie Valli Four Seasons
55%
Joan Jett Blackhearts
51%
Buddy Holly Crickets
43%
Martha Vandellas
41%
Smokey Robinson Miracles
30%
Ian Dury Blockheads
29%
Grandmaster Flash Furious Five
25%
Elvis Costello Attractions
21%
Frank Black Catholics
4%
No matching quizzes found
Score Distribution
Percent of People with Each Score
Percentile by Number Answered
Your Score History
You have not taken this quiz